| 000 | 00518nam a2200205Ia 4500 | ||
|---|---|---|---|
| 008 | 160819s9999 xx 000 0 und d | ||
| 020 | _a1-84533-247-4 | ||
| 050 | _aCUL TP 548 | ||
| 050 | _b.W56 2006 | ||
| 245 | _aWine made easy / | ||
| 245 | _cedited by Susy Atkins. | ||
| 260 | _aGreat Britain : | ||
| 260 | _bOctopus Pub. Group Ltd., | ||
| 260 | _c2006 | ||
| 300 | _a160 pages : | ||
| 300 | _bcolor illustrations ; | ||
| 300 | _c24 cm. | ||
| 500 | _aIncludes index. | ||
| 650 | _aWine and wine making. | ||
| 999 |
_c300649 _d300649 |
||